000 00702nam a22002417a 4500
003 UA-OsUOA
001 26541
007 ta
008 20040607b un ||||| |||| 00| 0 ukr d
100 _aРабинович М.Е.
700 _aВнуков Ю.Л.
090 _a54
_bР12
942 _cBK
040 _aUA-OsUOA
_brus
_cUA-OsUOA
_dUA-OsUOA
245 _aМетоды измерения гидрохимических параметров и их применение в зондирующих комплексах МГИ НАН Украины
300 _a76 с.
955 _a0
041 _arus
080 _a54
260 _aСевастополь
_c1995
044 _aUA
650 7 _2UDC
999 _c312866
_d312866